Operativní leasing se prosazuje i v logistice

Využívanie lízingu pri financovaní podnikateľských investícií. Situácia v Českej republike. Dominancia financovania vozidiel. Využívanie nebankovej formy financovania najmä malými a strednými podnikmi. Ústup od používania finančného lízingu. Financovanie v logistike. Financovanie manipulačnej techni...

Ausführliche Beschreibung

Gespeichert in:
Bibliographische Detailangaben
Format: Buchkapitel
Sprache:Tschechisch
Schlagworte:
Tags: Tag hinzufügen
Keine Tags, Fügen Sie das erste Tag hinzu!

MARC

LEADER 00000naa a2200000 4500
001 0157421
005 20231211075303.8
041 0 |a cze 
044 |a CZ 
245 1 0 |a Operativní leasing se prosazuje i v logistice 
520 |a Využívanie lízingu pri financovaní podnikateľských investícií. Situácia v Českej republike. Dominancia financovania vozidiel. Využívanie nebankovej formy financovania najmä malými a strednými podnikmi. Ústup od používania finančného lízingu. Financovanie v logistike. Financovanie manipulačnej techniky. Využívanie operatívneho lízingu a prenájmu. Rast slovenského lízingového trhu. 
610 2 0 |a lízing operatívny 
610 2 0 |a lízing finančný 
610 2 0 |a financie 
610 2 0 |a financovanie 
610 2 0 |a automobily osobné 
610 2 0 |a automobily nákladné 
610 2 0 |a stroje 
610 2 0 |a prenájom 
610 2 0 |a Česko 
610 2 0 |a Slovensko